You : (Record no. 1129)

MARC details
000 -LEADER
fixed length control field 00790cam a2200265 a 4500
005 - DATE AND TIME OF LATEST TRANSACTION
control field 20260322212048.0
008 - FIXED-LENGTH DATA ELEMENTS--GENERAL INFORMATION
fixed length control field data
010 ## - LIBRARY OF CONGRESS CONTROL NUMBER
LC control number 2008005087
020 ## - INTERNATIONAL STANDARD BOOK NUMBER
International Standard Book Number 9780061473678
020 ## - INTERNATIONAL STANDARD BOOK NUMBER
International Standard Book Number 0061473677
040 ## - CATALOGING SOURCE
Original cataloging agency DLC
Transcribing agency DLC
Modifying agency DLC
-- BAKER
-- YDXCP
-- KLC
-- VP@
-- DLC
050 00 - LIBRARY OF CONGRESS CALL NUMBER
Classification number RA776
Item number .R723 2008
082 00 - DEWEY DECIMAL CLASSIFICATION NUMBER
Classification number 613.2
Edition information 22
001 - CONTROL NUMBER
control field data
245 10 - TITLE STATEMENT
Title You :
Remainder of title the owner's manual : an insider's guide to the body that will make you healthier and younger /
Statement of responsibility, etc. Michael F. Roizen.
250 ## - EDITION STATEMENT
Edition statement Updated and expanded ed., 1st Collins ed.
260 ## - PUBLICATION, DISTRIBUTION, ETC.
Place of publication, distribution, etc. New York, NY :
Name of publisher, distributor, etc. Collins,
Date of publication, distribution, etc. 2008.
300 ## - PHYSICAL DESCRIPTION
Extent xv, 525 p. :
Other physical details ill. ;
Dimensions 24 cm.
500 ## - GENERAL NOTE
General note Includes index.
650 #0 - SUBJECT ADDED ENTRY--TOPICAL TERM
Topical term or geographic name entry element Health.
650 #0 - SUBJECT ADDED ENTRY--TOPICAL TERM
Topical term or geographic name entry element Longevity.
650 #0 - SUBJECT ADDED ENTRY--TOPICAL TERM
Topical term or geographic name entry element Nutrition.
650 #0 - SUBJECT ADDED ENTRY--TOPICAL TERM
Topical term or geographic name entry element Medicine, Popular.
700 1# - ADDED ENTRY--PERSONAL NAME
Personal name Roizen, Michael F.
Holdings
Withdrawn status Lost status Damaged status Not for loan Home library Current library Shelving location Date acquired Total checkouts Full call number Barcode Date last seen Price effective from Koha item type
        Midway Midway General stacks 22/03/2026   613.2 22 BC0011166 22/03/2026 22/03/2026 Books